000 00555nam a22001217a 4500
008 110623t xxu||||| |||| 00| 0 eng d
010 _aHCMAF101
245 _aHigh Court Miscellaneous Application No. 41 OF 1997 Dr. Julius Wambette Irene Wambette(Suing through Her Next Friend Dr. Julius Wambette Vs Impressa Ing. Fortunator Federicci
260 _c1997
500 _aBefore: THE HON. MR. JUSTICE AUGUSTUS KANIA
500 _aFrom H.C.C.S. No. 27 of 1995
999 _c3706
_d3706